| 000 | 00849nam a2200229 u 4500 | ||
|---|---|---|---|
| 005 | 20241016063727.0 | ||
| 008 | 181002s2017 mx r 000 0 spa d | ||
| 020 | _a9786070289040 (FES) | ||
| 020 | _a9786077113966 (Juan Pablos ) | ||
| 035 | _aUPN01000226964 | ||
| 049 | _aCG | ||
| 050 | 4 |
_aLB1778.4 M6 _bE5.7 |
|
| 245 | 0 | 0 |
_aEntramados de la profesión académica y el género : _bun estudio de caso en la FES Acatlán, UNAM / _ccoord. Alma Rosa Sánchez Olvera. |
| 260 |
_aMéxico : _bUniversidad Nacional Autónoma de México : _bJuan Pablos, _cc2017. |
||
| 300 |
_a371 p. : _bil., tablas, cuadros, |
||
| 650 | 4 |
_aMaestros universitarios _zMéxico _95220 |
|
| 650 | 4 |
_aIdentidad de género _zMéxico _915156 |
|
| 650 | 4 |
_aMAESTRAS UNIVERSITARIAS _913724 |
|
| 700 | 1 |
_aSánchez Olvera, Alma Rosa, _ecoord. |
|
| 905 | _aLibro | ||
| 999 |
_c199060 _d199060 |
||